[Event "EU-ch Amateur U2000"]
[Site "Niksic"]
[Date "2018.06.21"]
[Round "9"]
[White "Asanin, Vidoje"]
[Black "Le Bris, Louis"]
[Result "0-1"]
[WhiteElo "1754"]
[BlackElo "1734"]
[PlyCount "52"]
[EventDate "2018.06.14"]
[EventType "swiss"]
[EventRounds "9"]
[EventCountry "MNE"]
[SourceTitle "EXT 2019"]
[Source "ChessBase"]
[SourceDate "2018.10.10"]
[SourceVersion "1"]
[SourceVersionDate "2018.10.10"]
[SourceQuality "1"]

1. e4 Nf6 2. e5 Nd5 3. d4 d6 4. Nf3 dxe5 5. Nxe5 e6 6. a3 Nd7 7. Nf3 Bd6 8. c4 N5f6 9. Nc3 0-0 10. Be2 c5 11. 0-0 b6 12. dxc5 Nxc5 13. Qc2 Bb7 14. Bg5 Be7 15. Rad1 Qb8 16. Bh4 Rd8 17. Bg3 Qc8 18. Rxd8+ Qxd8 19. Rd1 Qe8 20. Nb5 Qc6 21. Bf1 Qe4 22. Qc3 Nh5 23. b4 Nxg3 24. hxg3 Bf6 25. Qd2 Na6 26. Qd8+ Bxd8 0-1

[Event "EU-ch Amateur U2000"]
[Site "Niksic"]
[Date "2018.06.18"]
[Round "6"]
[White "Caushaj, Kastriot"]
[Black "Le Bris, Louis"]
[Result "1-0"]
[WhiteElo "1861"]
[BlackElo "1734"]
[PlyCount "51"]
[EventDate "2018.06.14"]
[EventType "swiss"]
[EventRounds "9"]
[EventCountry "MNE"]
[SourceTitle "EXT 2019"]
[Source "ChessBase"]
[SourceDate "2018.10.10"]
[SourceVersion "1"]
[SourceVersionDate "2018.10.10"]
[SourceQuality "1"]

1. c4 Nf6 2. g3 e5 3. Bg2 c6 4. d4 exd4 5. Qxd4 Qa5+ 6. Bd2 Qc5 7. Nf3 Qxd4 8. Nxd4 Na6 9. 0-0 d6 10. Nc3 Nc7 11. Nxc6 bxc6 12. Bxc6+ Bd7 13. Bxa8 Nxa8 14. b3 Be7 15. Bf4 Nh5 16. Be3 Bf6 17. Rac1 Be7 18. Rfd1 Nc7 19. Nd5 Nxd5 20. Rxd5 Nf6 21. Ra5 0-0 22. Rxa7 Re8 23. Bd4 Bf5 24. f3 g5 25. e4 Bg6 26. Rxe7 1-0

[Event "Syre Memorial op 36th"]
[Site "Issy les Moulineaux"]
[Date "2013.05.10"]
[Round "5"]
[White "Le Bris, Louis"]
[Black "Blachon, Pascal"]
[Result "0-1"]
[WhiteElo "1846"]
[BlackElo "2072"]
[PlyCount "50"]
[EventDate "2013.05.08"]
[EventType "swiss"]
[EventRounds "7"]
[EventCountry "FRA"]
[SourceTitle "EXT 2015"]
[Source "ChessBase"]
[SourceDate "2014.11.20"]
[SourceVersion "1"]
[SourceVersionDate "2014.11.20"]
[SourceQuality "1"]

1. e4 e5 2. Nf3 Nc6 3. Bc4 Nf6 4. Ng5 d5 5. exd5 b5 6. Bxb5 Qxd5 7. Bf1 Nd4 8. Nc3 Qc6 9. Nf3 Rb8 10. a4 a6 11. Be2 Bc5 12. 0-0 Bb7 13. d3 0-0 14. Be3 Ba8 15. Rb1 Rfd8 16. Bxd4 exd4 17. Ne4 Nxe4 18. dxe4 Qxe4 19. Bd3 Qc6 20. Re1 Re8 21. Rxe8+ Rxe8 22. b3 Bb4 23. Qf1 Qh6 24. Qc1 Qh5 25. Qf4 Bd6 0-1

[Event "Paris-ch op-C 87th"]
[Site "Paris"]
[Date "2012.07.14"]
[Round "8"]
[White "Durand, Sylvain"]
[Black "Le Bris, Louis"]
[Result "0-1"]
[WhiteElo "1865"]
[BlackElo "1824"]
[PlyCount "106"]
[EventDate "2012.07.07"]
[EventType "swiss"]
[EventRounds "9"]
[EventCountry "FRA"]
[SourceTitle "EXT 2014"]
[Source "ChessBase"]
[SourceDate "2013.11.20"]
[SourceVersion "1"]
[SourceVersionDate "2013.11.20"]
[SourceQuality "1"]

1. e4 Nf6 2. e5 Nd5 3. d4 d6 4. c4 Nb6 5. exd6 cxd6 6. b3 g6 7. Nf3 Bg7 8. Bb2 Nc6 9. h3 0-0 10. Be2 e5 11. d5 Ne7 12. 0-0 Nd7 13. Nc3 a6 14. Qc2 Nc5 15. b4 Bf5 16. Qd2 Ne4 17. Nxe4 Bxe4 18. Rad1 Bxf3 19. Bxf3 a5 20. Bc3 axb4 21. Bxb4 b6 22. Be2 f5 23. a3 f4 24. Qd3 Nf5 25. g3 Nd4 26. Bg4 Kh8 27. h4 Qf6 28. Qe4 h5 29. Bh3 Rad8 30. Bc3 Nf5 31. Kh2 g5 32. gxf4 g4 33. Bg2 Qxh4+ 34. Kg1 g3 35. fxg3 Qxg3 36. Rf3 Qg4 37. Rdd3 h4 38. Rh3 Qxf4 39. Qxf4 exf4 40. Bxg7+ Kxg7 41. Be4 Ng3 42. Bf3 Rh8 43. Rd4 Rdf8 44. Bg4 Kg6 45. Kg2 Kg5 46. Be6 Ra8 47. Rd3 Ra4 48. Rc3 Rha8 49. Rb3 Rxa3 50. Rxb6 Ra2+ 51. Kg1 Ra1+ 52. Kf2 R8a2+ 53. Kf3 Rf1# 0-1

[Event "Paris-ch op-C 87th"]
[Site "Paris"]
[Date "2012.07.10"]
[Round "4"]
[White "Engel, Gerard"]
[Black "Le Bris, Louis"]
[Result "0-1"]
[WhiteElo "1679"]
[BlackElo "1824"]
[PlyCount "74"]
[EventDate "2012.07.07"]
[EventType "swiss"]
[EventRounds "9"]
[EventCountry "FRA"]
[SourceTitle "EXT 2014"]
[Source "ChessBase"]
[SourceDate "2013.11.20"]
[SourceVersion "1"]
[SourceVersionDate "2013.11.20"]
[SourceQuality "1"]

1. c4 e5 2. Nc3 f5 3. g3 Nc6 4. Bg2 Nf6 5. d3 g6 6. Nf3 Bg7 7. 0-0 0-0 8. Rb1 d6 9. a3 Ne7 10. e4 fxe4 11. dxe4 Bg4 12. h3 Be6 13. Qe2 Qc8 14. Kh2 Nc6 15. Nd5 h6 16. b4 Qd7 17. b5 Nd8 18. Rd1 b6 19. Nxf6+ Bxf6 20. Bxh6 Rf7 21. Bg5 Qe7 22. h4 Bg4 23. Qe3 Ne6 24. Bxf6 Qxf6 25. Rd3 Raf8 26. Rbb3 Bxf3 27. Bxf3 Nc5 28. Bg2 Nxb3 29. Rxb3 Qxf2 30. Qh6 Qf6 31. Qd2 Kg7 32. Qd5 Qf2 33. Qd1 Qa2 34. Rc3 Rf2 35. Kh3 Rxg2 36. Rf3 Rh2+ 37. Kg4 Rxf3 0-1

[Event "Cappelle op 28th"]
[Site "Cappelle la Grande"]
[Date "2012.03.09"]
[Round "8"]
[White "Le Bris, Louis"]
[Black "Vera Gonzalez Quevedo, Reynaldo"]
[Result "0-1"]
[WhiteElo "1794"]
[BlackElo "2482"]
[PlyCount "61"]
[EventDate "2012.03.03"]
[EventType "swiss"]
[EventRounds "9"]
[EventCountry "FRA"]
[SourceTitle "CBM 147 Extra"]
[Source "ChessBase"]
[SourceDate "2012.04.24"]
[SourceVersion "1"]
[SourceVersionDate "2012.04.24"]
[SourceQuality "1"]

1. e4 c5 2. Nc3 a6 3. f4 b5 4. Nf3 Bb7 5. d3 e6 6. g3 b4 7. Ne2 d5 8. e5 h5 9. Bg2 Nh6 10. 0-0 Qb6 11. h3 Nc6 12. Be3 Be7 13. Bf2 a5 14. Qd2 Ba6 15. Rfd1 a4 16. Rac1 Rc8 17. Rb1 Qc7 18. Rdc1 0-0 19. Qe1 b3 20. axb3 axb3 21. c4 Nb4 22. Qc3 Na2 23. Qxb3 Nxc1 24. Rxc1 dxc4 25. dxc4 Rfd8 26. Be1 Bb7 27. Qc2 Bc6 28. Nc3 Qb7 29. Nh4 Bxh4 30. Bxc6 Qxc6 31. gxh4 0-1

[Event "Malakoff op 9th"]
[Site "Malakoff"]
[Date "2010.04.23"]
[Round "8"]
[White "Le Bris, Louis"]
[Black "Prasanna Raghuram, Rao"]
[Result "0-1"]
[WhiteElo "1852"]
[BlackElo "2306"]
[PlyCount "38"]
[EventDate "2010.04.17"]
[EventType "swiss"]
[EventRounds "9"]
[EventCountry "FRA"]
[SourceTitle "CBM 136 Extra"]
[Source "ChessBase"]
[SourceDate "2010.07.02"]
[SourceVersion "2"]
[SourceVersionDate "2010.07.15"]
[SourceQuality "1"]

1. e4 e5 2. Nf3 Nc6 3. Bc4 Nf6 4. Ng5 d5 5. exd5 b5 6. Bf1 h6 7. Nxf7 Kxf7 8. dxc6 Bc5 9. Bxb5 Rf8 10. Bc4+ Ke7 11. 0-0 Ng4 12. Qe2 Ke8 13. h3 Bxf2+ 14. Kh1 Qh4 15. Qd3 Bf5 16. Qf3 e4 17. Qb3 e3 18. Be2 Qxh3+ 19. gxh3 Be4+ 0-1

[Event "Syre Memorial op 31st"]
[Site "Issy les Moulineaux"]
[Date "2008.05.03"]
[Round "5"]
[White "Chevant, Louis"]
[Black "Le Bris, Louis"]
[Result "1-0"]
[WhiteElo "2176"]
[BlackElo "1820"]
[PlyCount "83"]
[EventDate "2008.05.01"]
[EventType "swiss"]
[EventRounds "6"]
[EventCountry "FRA"]
[SourceTitle "EXT 2010"]
[Source "ChessBase"]
[SourceDate "2010.11.25"]
[SourceVersion "1"]
[SourceVersionDate "2010.11.25"]
[SourceQuality "1"]

1. Nf3 d6 2. d4 Bg4 3. g3 Bxf3 4. exf3 Nf6 5. Bg2 c6 6. 0-0 e6 7. c4 Nbd7 8. f4 Be7 9. Nc3 0-0 10. Re1 Re8 11. Rb1 Nb6 12. Qd3 Bf8 13. b4 d5 14. c5 Nbd7 15. a4 g6 16. Bd2 Bg7 17. Bf1 Nf8 18. b5 Qd7 19. Rb3 Rec8 20. Reb1 h6 21. a5 Ne4 22. Be1 Nh7 23. f3 Nxc3 24. Bxc3 Qe7 25. Qe3 Bf6 26. Kg2 g5 27. fxg5 Bxg5 28. f4 Bf6 29. Bd3 Kg7 30. Qf3 Kh8 31. Qh5 Bg7 32. Qf3 f5 33. Qe2 Qf7 34. a6 bxa6 35. bxc6 Rxc6 36. Bxa6 Rc7 37. Rb8+ Rxb8 38. Rxb8+ Nf8 39. Ba5 Re7 40. c6 Kh7 41. Rb7 Rxb7 42. Bxb7 1-0

[Event "Clichy intern"]
[Site "Clichy"]
[Date "2004.10.??"]
[Round "1"]
[White "Panjo, Henri"]
[Black "Le Bris, Louis"]
[Result "1-0"]
[WhiteElo "1750"]
[BlackElo "1780"]
[PlyCount "87"]
[EventDate "2004.10.??"]
[EventType "swiss"]
[EventRounds "7"]
[EventCountry "FRA"]
[SourceTitle "EXT 2008"]
[Source "ChessBase"]
[SourceDate "2007.11.25"]
[SourceVersion "1"]
[SourceVersionDate "2007.11.25"]
[SourceQuality "1"]

1. d4 Nf6 2. c4 e5 3. dxe5 Ng4 4. Nf3 Nc6 5. Bf4 Bb4+ 6. Nc3 Qe7 7. Qd5 f6 8. exf6 Nxf6 9. Qd3 d6 10. Bd2 0-0 11. e3 Bxc3 12. Bxc3 Nd7 13. Be2 Nc5 14. Qd1 Bf5 15. 0-0 Rae8 16. Rc1 Kh8 17. Nd4 Bd7 18. Bg4 Bxg4 19. Qxg4 Ne5 20. Qe2 Ng6 21. b3 Qg5 22. f4 Qe7 23. Rce1 Ne4 24. Ba1 Qd7 25. f5 Ne5 26. Rf4 Nc5 27. Rd1 Nc6 28. f6 gxf6 29. Nxc6 bxc6 30. Bxf6+ Rxf6 31. Rxf6 Ne4 32. Rf3 Qg7 33. Rdf1 Rg8 34. Rf7 Qe5 35. Qf3 d5 36. cxd5 cxd5 37. Rf8 Qg7 38. Rxg8+ Kxg8 39. Qf5 h6 40. Qxd5+ Kh8 41. Qxe4 Qd7 42. Qg6 Qe7 43. Qxh6+ Kg8 44. Rf3 1-0

[Event "Paris op-A"]
[Site "Paris"]
[Date "2003.??.??"]
[Round "2"]
[White "Fischer, Bernard"]
[Black "Le Bris, Louis"]
[Result "1-0"]
[WhiteElo "1950"]
[BlackElo "1810"]
[PlyCount "119"]
[EventDate "2003.07.05"]
[EventType "swiss"]
[EventRounds "9"]
[EventCountry "FRA"]
[SourceTitle "EXT 2005"]
[Source "ChessBase"]
[SourceDate "2004.11.15"]
[SourceVersion "1"]
[SourceVersionDate "2004.11.15"]
[SourceQuality "1"]

1. e4 Nf6 2. e5 Nd5 3. c4 Nb6 4. d4 d6 5. exd6 cxd6 6. Nf3 g6 7. Be2 Bg7 8. 0-0 0-0 9. Nc3 Bg4 10. h3 Bxf3 11. Bxf3 Nc6 12. Bxc6 bxc6 13. b3 c5 14. Be3 Nd7 15. Rc1 Qa5 16. Qd2 Rfd8 17. Rfd1 a6 18. Nd5 Qxd2 19. Rxd2 e6 20. Ne7+ Kf8 21. Nc6 Rdc8 22. Na5 Ke7 23. Rcd1 Rc7 24. dxc5 dxc5 25. Rd6 Ke8 26. Bf4 e5 27. Bg5 h6 28. Be3 Bf8 29. R6d5 Rac8 30. f4 e4 31. g4 Bg7 32. Rd6 Nb8 33. f5 Bc3 34. fxg6 Bxa5 35. g7 Ke7 36. Bxh6 Rd7 37. Bg5+ f6 38. Bxf6+ Kf7 39. g5 Rxd6 40. Rxd6 e3 41. Kf1 Bd2 42. h4 Re8 43. Ke2 Rc8 44. h5 Nc6 45. g6+ Kg8 46. h6 Nd4+ 47. Bxd4 cxd4 48. Rxd4 Bc3 49. Rd7 Bxg7 50. Rxg7+ Kh8 51. Re7 a5 52. Kxe3 a4 53. Ke4 axb3 54. axb3 Kg8 55. Ke5 Rc5+ 56. Kf6 Rc6+ 57. Re6 Rc8 58. Rd6 Rf8+ 59. Ke7 Ra8 60. Rd8+ 1-0

[Event "Paris-ch op-B"]
[Site "Paris"]
[Date "2002.07.10"]
[Round "5"]
[White "Leroy, Gerard"]
[Black "Le Bris, Louis"]
[Result "1/2-1/2"]
[WhiteElo "1850"]
[BlackElo "1720"]
[PlyCount "81"]
[EventDate "2002.07.06"]
[EventType "swiss"]
[EventRounds "7"]
[EventCountry "FRA"]
[SourceTitle "EXT 2003"]
[Source "ChessBase"]
[SourceDate "2002.11.25"]
[SourceVersion "1"]
[SourceVersionDate "2002.11.25"]
[SourceQuality "1"]

1. e3 e5 2. d4 exd4 3. exd4 Nf6 4. Bg5 Be7 5. Nf3 0-0 6. Bd3 Nd5 7. Qd2 Nb4 8. Bf4 Nxd3+ 9. Qxd3 d5 10. 0-0 c6 11. c4 dxc4 12. Qxc4 Be6 13. Qd3 Nd7 14. Nc3 Nb6 15. b3 Nd5 16. Ne2 Bg4 17. Bg3 Bxf3 18. Qxf3 Bf6 19. Be5 Re8 20. Bxf6 Qxf6 21. Qxf6 Nxf6 22. Nc3 Rad8 23. Rad1 Nd5 24. Nxd5 Rxd5 25. b4 Kf8 26. Rd3 Re2 27. a3 f6 28. Rfd1 Kf7 29. Kf1 Rc2 30. R1d2 Rc1+ 31. Ke2 Rh1 32. h3 Rg1 33. g4 Rc1 34. f4 Rh1 35. Rc2 Rh2+ 36. Kd1 Rh1+ 37. Ke2 Rh2+ 38. Kd1 Rh1+ 39. Kd2 Rf1 40. Ke3 Rh1 41. Ke2 1/2-1/2

[Event "Paris-ch op-B"]
[Site "Paris"]
[Date "2002.07.09"]
[Round "4"]
[White "Le Bris, Louis"]
[Black "Mayot, Philippe"]
[Result "1-0"]
[WhiteElo "1720"]
[BlackElo "2030"]
[PlyCount "47"]
[EventDate "2002.07.06"]
[EventType "swiss"]
[EventRounds "7"]
[EventCountry "FRA"]
[SourceTitle "EXT 2003"]
[Source "ChessBase"]
[SourceDate "2002.11.25"]
[SourceVersion "1"]
[SourceVersionDate "2002.11.25"]
[SourceQuality "1"]

1. e4 c6 2. d4 d5 3. exd5 cxd5 4. Bd3 Nc6 5. c3 Qc7 6. f4 Nf6 7. Nf3 Bg4 8. 0-0 e6 9. Qc2 Bxf3 10. Rxf3 Rc8 11. Qe2 Nxd4 12. cxd4 Qxc1+ 13. Rf1 Qc7 14. f5 Bd6 15. fxe6 Bxh2+ 16. Kh1 Bf4 17. exf7+ Kxf7 18. Qf3 Bg5 19. Qxd5+ Kf8 20. Qxg5 Qd6 21. Nc3 Qxd4 22. Rad1 Rc5 23. Bf5 Qc4 24. Rfe1 1-0